| 000 | 00840nas a2200277 4500 | ||
|---|---|---|---|
| 001 | BR2012009301 | ||
| 003 | BR-BrBNA | ||
| 005 | 20231205121652.0 | ||
| 007 | ta | ||
| 008 | 230509b bl.|||p| |||| 00| 00por d | ||
| 040 |
_aBR-BrBNA _bpor _cBiblioteca Nacional de Agricultura |
||
| 041 | _a(Pt) | ||
| 072 | _aL73 | ||
| 100 | 1 | _aPereira, R.A. | |
| 100 | 1 | _aMacagnan, M. | |
| 100 | 1 | _aCanal, C.W. | |
| 100 | 1 | _aSchmidt, V. | |
| 245 | 1 | _aDetecção sorológica e microbiológica de Salmonella spp. em emas (Rhea americana) | |
| 650 | _aEMA | ||
| 650 | _aSALMONELLA | ||
| 650 | _aSORO | ||
| 650 | _aMICROBIOLOGIA | ||
| 773 | 0 |
_tArquivo Brasileiro de Medicina Veterinária e Zootecnia (Brazil) _xISSN 0102-0935 _g(Aug 2012), v. 64(4) p. 1077-1080 _wBR2012009301 |
|
| 909 |
_a202311 _bLúcia _c55 _dLúcia Elande |
||
| 942 |
_2AGRIS _n0 _cANA |
||
| 999 |
_c224645 _d224645 |
||